| 000 | 01011naa a22002537a 4500 | ||
|---|---|---|---|
| 001 | vtls000017203 | ||
| 003 | ES-BaIT | ||
| 005 | 20260416105608.0 | ||
| 007 | t| | ||
| 008 | 111114s1948 spc|||||| |00| |spa|d | ||
| 010 | _a17203 | ||
| 035 |
_a0017-20360 _9ES-BaIT035 |
||
| 039 | 9 |
_a201403072224 _bVLOAD _c201303091920 _dVLOAD _c201111141503 _dVLOAD _y201110052249 _zVLOAD |
|
| 100 | 1 |
_aOller, Narcís, _d1846-1930 _936839 |
|
| 245 | 1 | 0 |
_aRenyines d'enamorats / _cNarcís Oller ; treta de la comèdia en cinc [actes], de Molière, "Le Dépit amoureux" |
| 500 | _aJoguina. 2 actes | ||
| 500 | _aP6: D2, H4 | ||
| 700 | 0 |
_aMolière, _d1622-1673. _tDépit amoureux _976029 |
|
| 773 | 0 |
_aObres completes / Narcís Oller ; [precedides de L'Obra de Narcís Oller, per Manuel de Montoliu i seguides de El Món de Narcís Oller, per Maurici Serrahima] _dBarcelona : Selecta, 1948 _gp.[1369]-1383 _wvtls000004012 _03302 |
|
| 790 | _w0004-01260 | ||
| 790 | _a000401260 | ||
| 917 | _aFALTA MATÈRIA. Cat. rev | ||
| 999 |
_c14524 _d14524 |
||
| 942 | _cART | ||